LEADER 01484nam--2200433---450- 001 990002820080203316 005 20060928093855.0 010 $a960-814508-2 (set) 010 $a960-814506-6 (v. 1). 010 $a960-814507-4 (v. 2) 035 $a000282008 035 $aUSA01000282008 035 $a(ALEPH)000282008USA01 035 $a000282008 100 $a20060928d2001----km-y0itay50------ba 101 $amul 102 $aGR 105 $aa---||||001yy 200 1 $aEpeirotika kai makedonika meletemata$fIoulias bokotopoulou$dStudies on Epirus and Macedonia$fIoulias Vokotopoulou 210 $aAthenai$cHe en Athenais Archaiologike Hetaireia$d2001 215 $a2 v. (XXXIII-817 p. compless.)$cill.$d29 cm 225 2 $aBibliotheke tes en Athenais Archaiologikes Hetaireias$d<> archaeological society at Athens library$v198 410 0$12001$aBibliotheke tes en Athenais Archaiologikes Hetaireias$d<> archaeological society at Athens library$v198 454 1$12001 461 1$1001-------$12001 607 $aEpiro$xStudi 607 $aMacedonia$xStudi 676 $a949.53 676 $a949.56 700 1$aBOKOTOPOULOU,$bIoulias$0594905 801 0$aIT$bsalbc$gISBD 912 $a990002820080203316 951 $aI T EPI 2/1$b6218 DBC$cI T 951 $aI T EPI 2/2$b6219 DBC$cI T 959 $aBK 969 $aDBC 979 $aDBC$b90$c20060928$lUSA01$h0938 996 $aEpeirotika kai makedonika meletemata$9994142 997 $aUNISA LEADER 03422nam 2200913z- 450 001 9910557584903321 005 20210501 035 $a(CKB)5400000000043799 035 $a(oapen)https://directory.doabooks.org/handle/20.500.12854/68696 035 $a(oapen)doab68696 035 $a(EXLCZ)995400000000043799 100 $a20202105d2020 |y 0 101 0 $aeng 135 $aurmn|---annan 181 $ctxt$2rdacontent 182 $cc$2rdamedia 183 $acr$2rdacarrier 200 00$aAI and Financial Markets 210 $aBasel, Switzerland$cMDPI - Multidisciplinary Digital Publishing Institute$d2020 215 $a1 online resource (230 p.) 311 08$a3-03936-224-0 311 08$a3-03936-225-9 330 $aArtificial intelligence (AI) is regarded as the science and technology for producing an intelligent machine, particularly, an intelligent computer program. Machine learning is an approach to realizing AI comprising a collection of statistical algorithms, of which deep learning is one such example. Due to the rapid development of computer technology, AI has been actively explored for a variety of academic and practical purposes in the context of financial markets. This book focuses on the broad topic of "AI and Financial Markets", and includes novel research associated with this topic. The book includes contributions on the application of machine learning, agent-based artificial market simulation, and other related skills to the analysis of various aspects of financial markets. 606 $aEconomics, Finance, Business and Management$2bicssc 610 $aagent based simulation 610 $aalgorithmic trading 610 $aArtificial Intelligence 610 $aartificial market 610 $aasset allocation 610 $aATR 610 $aautoencoder 610 $ablockchain 610 $aBlockCloud 610 $aCAR regulation 610 $aCfD 610 $acommunity finances 610 $aconsensus algorithms 610 $acontract for difference 610 $adeep learning 610 $adeep reinforcement learning 610 $aeconomic policy 610 $aexchange rates 610 $afinancial market simulation 610 $afiscal flexibility 610 $afundamentals 610 $ahidden markov model 610 $aindividualized financial arrangements 610 $ainterpretability 610 $along short-term memory 610 $aLSTM 610 $amachine learning 610 $aneural network 610 $aneural networks 610 $aportfolio 610 $aprediction 610 $aprice momentum 610 $aQ-learning 610 $arandom forest 610 $areinforcement learning 610 $aRL 610 $asimulation 610 $aStop Loss 610 $asupport vector machine 610 $asustainable financial services 610 $aterm structure of interest rates 610 $atext mining 610 $atopic model 610 $aTurtle 610 $auncertainty 610 $ayield curve 615 7$aEconomics, Finance, Business and Management 700 $aHamori$b Shigeyuki$4edt$01265785 702 $aTakiguchi$b Tetsuya$4edt 702 $aHamori$b Shigeyuki$4oth 702 $aTakiguchi$b Tetsuya$4oth 906 $aBOOK 912 $a9910557584903321 996 $aAI and Financial Markets$93038529 997 $aUNINA